000 00758nam a22001817a 4500
003 UA-OsUOA
001 12310
007 ta
008 20050428b un ||||| |||| 00| 0 ukr d
100 _aСтолярчук Б.
942 _cSA
040 _aUA-OsUOA
_cUA-OsUOA
_dUA-OsUOA
245 _aТворчий пошук митця
_b[У виставк. залі Рівнен. обл. орг. Нац. спілки худож. України відкрилася персон. вист. худож. Анатолія Мартиненка, присвяч. 65-річчю від дня народж. митця]
300 _aС.3
955 _a0
773 0 _w0
_tВісті Рівненщини
_dРівне
_d2005
_g№31/22 квіт./
650 7 _aВиставки
_2UDC
999 _c298471
_d298471